Arabs and the world: Nasser;s Arab nationalist policy (Record no. 363134)

000 -LEADER
fixed length control field 00393cam a22001337a 4500
008 - FIXED-LENGTH DATA ELEMENTS--GENERAL INFORMATION
fixed length control field 180718b1963 xxu||||| |||| 00| 0 eng d
082 ## - DEWEY DECIMAL CLASSIFICATION NUMBER
Classification number A6x53 C862
100 ## - MAIN ENTRY--PERSONAL NAME
Personal name Cremeans, Chalres D.
245 ## - TITLE STATEMENT
Title Arabs and the world: Nasser;s Arab nationalist policy
Statement of responsibility, etc. by Charles D. Cremeans
260 ## - PUBLICATION, DISTRIBUTION, ETC.
Place of publication, distribution, etc. New York
Name of publisher, distributor, etc. Praeger
Date of publication, distribution, etc. 1963
300 ## - PHYSICAL DESCRIPTION
Extent 336p.
650 ## - SUBJECT ADDED ENTRY--TOPICAL TERM
Topical term or geographic name entry element Egypt - Foreign Relations
650 ## - SUBJECT ADDED ENTRY--TOPICAL TERM
Topical term or geographic name entry element Arabs
Holdings
Withdrawn status Lost status Damaged status Not for loan Permanent Location Current Location Date acquired Full call number Barcode Date last seen Price effective from Koha item type
        Indian Institute of Public Administration Indian Institute of Public Administration 1994-03-29 A6x53 C862 33716 2018-07-21 2018-07-21 Book

Powered by Koha